sombr Charting Songs (Billboard Hot Rock) - Statistics

General Stats
  • This quiz has been taken 33 times
    7 since last reset
  • The average score is 7 of 8
Answer Stats
Album Weeks On Peak Artist(s) Song % Correct
I Barely Know Her 59 Weeks #1 (25 Weeks) sombr back to friends
100%
I Barely Know Her 3 Weeks #36 sombr crushing
100%
Non-Album Single 10 Weeks #3 sombr homewrecker
100%
I Barely Know Her 3 Weeks #24 sombr i wish i knew how to quit you
100%
I Barely Know Her 42 Weeks #1 (5 Weeks) sombr undressed
100%
I Barely Know Her 19 Weeks #13 sombr we never dated
100%
I Barely Know Her 36 Weeks #4 sombr 12 to 12
80%
Non-Album Single 7 Weeks #45 sombr would've been you
40%
No matching quizzes found
Score Distribution
Percent of People with Each Score
Percentile by Number Answered
Your Score History
You have not taken this quiz since the last reset